000 01325nab a2200229 i 4500
001 768714001
003 CO-MdFUSB
005 20230607115631.0
008 220912s2006 ag ||||| |||| 00| 0 eng d
022 _a1669-8649
040 _bspa
_cCO-MdFUSB
_dCO-MdFUSB
_aCO-MdFUSB
041 _aeng
100 _aPadilla DeBorst, Ruth,
_eautor
245 _aScrabble, injustice, and me
_c/ Ruth Padilla DeBorst
300 _aVolumen 1, número 1 (2006), páginas 6 - 25
_c; 20 cm
520 _aA través de una exposición bíblica narrativa, Ruth Padilla, presidente de la Fraternidad Teológica Latinoamericana, analiza la situación contemporánea, y hace que el profeta Sofonías cobre vida para hablarnos. La autora sugiere que la violencia y la injusticia se expresan de diversas formas alrededor del mundo, provee datos y estadísticas que exhiben la gravedad de los problemas relacionados con ellas, y explica por qué estas realidades deberían preocupar y llamar a la acción a los cristianos.
546 _aTexto en Inglés
630 0 7 _aBiblia.
_pSofonías
_xCrítica, interpretación, etc.
650 7 _92121
_aViolencia
773 0 _049416
_981263
_d Santiago de Chile
_oR1699
_tJournal of Latin American Theology :
_w(CO-MdFUSB)118
_x1669-8949
_gVolumen 1, número 1 (2006), páginas 6 - 25
_qpágina 6
942 _cANA
999 _c68138
_d68138